Fr. Conceicao Rodrigues College of Engineering

Structure Of Metals (Record no. 25909)

MARC details
000 -LEADER
fixed length control field 00274nam a2200133Ia 4500
100 ## - MAIN ENTRY--PERSONAL NAME
Personal name Barrett/Charles
250 ## - EDITION STATEMENT
Edition statement III
245 ## - TITLE STATEMENT
Title Structure Of Metals
260 ## - PUBLICATION, DISTRIBUTION, ETC.
Name of publisher, distributor, etc. McGraw Hill
Place of publication, distribution, etc. NewDelhi
Date of publication, distribution, etc. 1968
300 ## - PHYSICAL DESCRIPTION
Extent 654
546 ## - LANGUAGE NOTE
Language note ENGLISH
654 ## - SUBJECT ADDED ENTRY--FACETED TOPICAL TERMS
Focus term Metals
942 ## - ADDED ENTRY ELEMENTS (KOHA)
Koha item type BOOK
Holdings
Withdrawn status Lost status Damaged status Not for loan Collection Home library Current library Date acquired Cost, normal purchase price Total Checkouts Full call number Barcode Date last seen Cost, replacement price Price effective from Koha item type
        AFT Fr. Agnel's C.Rodrigues College of Engineering Fr. Agnel's C.Rodrigues College of Engineering 17/03/2023 16.00   AFT1189 17/03/2023 16.00 17/03/2023 BOOK